Typy testów komputerowych przydatne w naukach technicznych / (Rekord nr 8589)
| 000 -ETYKIETA REKORDU | |
|---|---|
| podpole kontrolne o stałej długości | 01016naa a22001931i 4500 |
| 001 - NUMER KONTROLNY REKORDU | |
| podpole kontrolne | 8589 |
| 003 - IDENTYFIKATOR NUMERU KONTROLNEGO REKORDU | |
| podpole kontrolne | KOSZ 005 |
| 005 - DATA OSTATNIEJ MODYFIKACJI REKORDU | |
| podpole kontrolne | 20180327142619.0 |
| 008 - POLE O STAŁEJ DŁUGOŚCI - DANE KONTROLNE | |
| podpole kontrolne o stałej długości | 180124s2005 pl ||||f |||| 10| 0 pol d |
| 040 ## - ŹRÓDŁO KATALOGOWANIA | |
| Instytucja, która utworzyła rekord | KOSZ 005/ac |
| 041 ## - KOD JĘZYKA | |
| Kod języka tekstu | pol |
| Kod języka streszczenia lub abstraktu | eng |
| 100 1# - NAZWA OSOBOWA | |
| Nazwa osobowa | TARNOWSKI, Wojciech. |
| Lata pracy | 1996 - . |
| Instytucja | Politechnika Koszalińska - Wydział Mechaniczny, |
| Wydział | Katedra Systemów Sterowania |
| 245 10 - TYTUŁ/ODPOWIEDZIALNOŚĆ | |
| Tytuł | Typy testów komputerowych przydatne w naukach technicznych / |
| Pozostałe elementy strefy tytułu i oznaczenia odpowiedzialności | Wojciech Tarnowski. |
| 246 31 - WARIANT TYTUŁU | |
| Tytuł | Generic types of tests for examination in engineering |
| 655 #0 - TERMIN INDEKSOWY - OKREŚLENIE RODZAJU/FORMY DOKUMENTU | |
| Określnie rodzaju/formy dokumentu | Materiały konferencyjne. |
| 711 ## - HASŁO DODATKOWE - NAZWA IMPREZY | |
| Nazwa imprezy | Konferencja "Nowe technologie w kształceniu na odległość" |
| Oznaczenie części/sekcji dzieła | (1 ; |
| Data imprezy | 2005 ; |
| Miejsce imprezy | Koszalin / Osieki, Polska). |
| 773 0# - TYTUŁ DOKUMENTU MACIERZYSTEGO | |
| Wyrażenie wprowadzające | W : |
| Tytuł | Nowe technologie w kształceniu na odległość : I konferencja : materiały konferencyjne : Koszalin-Osieki 9-11 czerwca 2005 / pod red. Wojciecha Tarnowskiego, Tomasza Królikowskiego. - |
| Adres wydawniczy | Koszalin : Wydaw. Uczelniane Politechniki Koszalińskiej, 2005. - |
| Informacje dotyczące relacji | s. 246-249 |
| 942 ## - HASŁO DODATKOWE - ELEMENTY(KOHA) | |
| Typ dokumentu | Rozdział |
| Schemat klasyfikacji | Uniwersalna klasyfikacja dziesiętna |
| Wycofany | Zagubiony | Uszkodzony | Dostępność | Lokalizacja stała | Lokalizacja bieżąca | Sygnatura | Typ dokumentu |
|---|---|---|---|---|---|---|---|
| Dostępny | Bibliografia Prac Pracowników - BPK | Bibliografia Prac Pracowników - BPK | 76007 | Rozdział |
